| 000 | 01094nam a2200361Ia 4500 | ||
|---|---|---|---|
| 001 | dia_6088 | ||
| 003 | CHAP | ||
| 005 | 20230720130456.0 | ||
| 008 | 220117s2006 xx 000 0 und d | ||
| 010 | _a177239 | ||
| 020 | _a84-413-2186-8 | ||
| 040 | _cCHAP | ||
| 082 | _a808.849358 M37 P75 2006 | ||
| 100 |
_aMaquiavelo, Nicolás _971140 |
||
| 245 |
_aEl príncipe / _c Nicolás Maquiavelo ; traducción Ángeles Cardona |
||
| 260 |
_aEspaña : _b Folio, _c2006 |
||
| 300 | _a120 p. | ||
| 440 |
_aGrandes ideas _9160595 |
||
| 500 | _aTítulo original: Il principe | ||
| 503 | _aC. | ||
| 590 | _aJC143 M37 2006 | ||
| 650 |
_aCiencia política _9160596 |
||
| 650 |
_aEnsayo _9153131 |
||
| 650 |
_aessay _9153132 |
||
| 650 |
_aItalian literature _x16th century _9160597 |
||
| 650 |
_aLiteratura italiana _xSiglo XVI _9160598 |
||
| 650 |
_aPolitical science _9160599 |
||
| 700 |
_aCardona, Ángeles, tr. _9160600 |
||
| 901 | _a808.849358 M37 P75 2006 | ||
| 902 | _aA | ||
| 905 | _a5232272006 sp x 9222223322spa16 | ||
| 942 |
_cLIBRO _2ddc |
||
| 999 |
_c177239 _d177239 |
||